00207nam a2200085Ia 4500008004100000100001400041245003500055260001400090999001700104170617s9999 xx 000 0 und d aDhall.G.D 0aFrank Mathematics for B.Pharma bC B S Pub c15025d15025